00286nam a22001097a 4500020001500000082001800015100001700033245003800050260004500088300000800133650003500141 a0198092121 a828.91209 HEE aHeehs, Peter aSituating Sri Aurobindo: A Reader aNew DelhibOxford University Pressc2013 a315 aProse and Poetry-Sri Aurobindo